Ius ex scripto ex non scripto.

Збережено в:
Бібліографічні деталі
Автор: Casavola, Franco (Автор)
Формат: Книга
Мова:Англійська
Опубліковано: Napoli, Italia: Scientifica, 2013.
Серія:Lezioni magistrali (Università degli studi Suor Orsola Benincasa. Facoltà di giurisprudenza),
Предмети:
Теги: Додати тег
Немає тегів, Будьте першим, хто поставить тег для цього запису!

MARC

LEADER 00000nam a22000007a 4500
003 CL-VaPUC
005 20220822114733.0
008 220727t2013 ||||| |||| 00| 0 eng d
999 |c 437640  |d 437638 
020 |a 978-6342-482-9 
040 |c Pontificia Universidad Católica de Valparaíso 
082 |2 22  |a 340.11 CAS 2013 
100 |9 401177  |a Casavola, Franco  |e author 
245 |a Ius ex scripto ex non scripto.  
260 |a Napoli, Italia:   |b Scientifica,   |c 2013.  
300 |a 31 páginas.  
490 |a Lezioni magistrali (Università degli studi Suor Orsola Benincasa. Facoltà di giurisprudenza),   |n  59 
500 |a c.1 Donación Familia Prof. Alejandro Guzmán Brito. 
583 |c 20220727  |k Yessy Sthefany Diaz Vidal 
650 0 |9 255162  |a Fuentes del derecho  
650 0 |9 255982  |a Teoría del derecho 
650 0 |9 255930  |a Derecho romano 
942 |2 ddc  |c BK  |n 0 
952 |0 0  |1 0  |2 ddc  |4 0  |6 340_110000000000000_CAS_2013  |7 1  |8 C_AGB  |9 585428  |a BIBDER  |b BIBDER  |d 2022-07-27  |e Donación   |i 5653395  |o 340.11 CAS 2013  |p 5653395  |r 2023-01-25  |t 1  |w 2022-07-27  |y BK_US  |k AGB